000
00271 a2200109 4500
000
nam a22 7a 4500
005
20260226152458.0
100
_a
Kaisii, Athikho
_9
1116788
245
_a
Migration and Settlement of the tribes
260
_b
Rawat
_c
2026
942
_c
TEXL
999
_c
1680291
_d
1680291